00318nam a2200121Ia 4500008004100000041000800041082001400049100001900063245003200082260004700114300002400161365001100185240624s9999 xx 000 0 und d aeng a332.1 SRI aSRIVASTAVA P K aBANKING THEORY AND PRACTICE c2008aNew DelhibHimalaya Publishing House a678 : p. : cm. ; 24 cRSb25